Ten years of radiofrequency catheter ablation /

Saved in:
Bibliographic Details
Other Authors: Farré, Jerónimo., Moro, Concepción.
Format: Book
Language:English
Published: Armonk, NY : Futura Pub. Co., 1997.
Subjects:
Tags: Add Tag
No Tags, Be the first to tag this record!
LEADER 00964nam a22003138a 4500
001 007748162-3
005 20020606104010.5
008 970625s1998 nyua b 001 0 eng c
010 |a  97026375  
020 |a 0879936843 
035 0 |a ocm37247352 
040 |a DNLM/DLC  |c DLC  |d DLC 
050 0 0 |a RD598.35.C39  |b T46 1997 
060 0 0 |a 1998 D-236 
060 1 0 |a WG 330  |b T289 1998 
082 0 0 |a 617.4/12  |2 21 
245 0 0 |a Ten years of radiofrequency catheter ablation /  |c edited by Jerónimo Farré and Concepción Moro. 
260 |a Armonk, NY :  |b Futura Pub. Co.,  |c 1997. 
300 |a xiii, 373 p. :  |b ill.  |c 26 cm. 
504 |a Includes bibliographical references and index. 
650 0 |a Catheter ablation. 
650 0 |a Tachycardia  |x Surgery. 
650 1 2 |a Tachycardia  |x surgery. 
650 2 2 |a Atrial Fibrillation  |x surgery. 
650 2 2 |a Catheter Ablation. 
700 1 |a Farré, Jerónimo. 
700 1 |a Moro, Concepción. 
988 |a 20020608 
906 |0 OCLC